• 首页
  • 本馆介绍
  • 公告通知
  • 最新文献
  • 馆藏检索
  • 电子资源
  • 读者导购
  • 参考咨询
  • 我的图书馆
  • 登录
  • 详细信息显示
  • 放入我的书架
  • 预约/预借图书
  • 作者相关作品
  • 分类相关作品
  • 丛书相关作品
  • 出版社相关作品

书目信息

  • 表格格式
  • 工作单格式
  • 卡片格式
题名:
教育经济学
    
 
作者: 范先佐 主编
分册:  
出版信息: 北京   中国人民大学出版社  2014.09
页数: 327页
开本: 26cm
丛书名:
单 册:
中图分类: G40-054
科图分类:
主题词: 教育经济学--高等学校--教材
电子资源:
ISBN: 978-7-300-19843-9
000 01069nam0 2200253 450
001 0108153915
005 20210308154403.0
010    @a978-7-300-19843-9@dCNY39.00
100    @a20210307e20202014em y0chiy50 ea
101 0  @achi
102    @aCN@b110000
105    @ay z 000yy
106    @ar
200 1  @a教育经济学@Ajiao yu jing ji xue@dEconomics of education@f范先佐主编@zeng
210    @a北京@c中国人民大学出版社@d2014.09@h2020.01
215    @a327页@d26cm
300    @a新编21世纪教育学系列教材
330    @a本书主要就教育经济学的基本概念以及教育投资、教育效益等问题进行讨论,并结合我国实际,提出了一些新的理论和方法。全书共分11章,分别阐述了以下11个方面的内容:教育经济学的形成与发展,教育与经济发展,教育与人力资本形成,教育与劳动力市场,教育供给与需求,教育与就业,教育投资,教育资源的利用效率,教育成本,教育经济效益,学生资助制度。
510 1  @aEconomics of education@zeng
606 0  @a教育经济学@x高等学校@j教材
690    @aG40-054@v5
701  0 @a范先佐@Afan xian zuo@4主编
801  0 @aCN@bBJSZM@c20210308
905    @b1272955-8@dG40-054@e1214@f4
    
    教育经济学=Economics of education/范先佐主编.-北京:中国人民大学出版社,2014.09(2020.01)
    327页;26cm
    新编21世纪教育学系列教材
    
    ISBN 978-7-300-19843-9:CNY39.00
    本书主要就教育经济学的基本概念以及教育投资、教育效益等问题进行讨论,并结合我国实际,提出了一些新的理论和方法。全书共分11章,分别阐述了以下11个方面的内容:教育经济学的形成与发展,教育与经济发展,教育与人力资本形成,教育与劳动力市场,教育供给与需求,教育与就业,教育投资,教育资源的利用效率,教育成本,教育经济效益,学生资助制度。
●
相关链接 在E读中查询图书 在五车中查询图书 在当当中查询图书 在豆瓣中查询图书


正题名:教育经济学     索取号:G40-054/1214         预约/预借

序号 登录号 条形码 馆藏地/架位号 状态 备注
1 1272955   212729555   第一样本阅览室/ [索取号:G40-054/1214] 在馆    
2 1272956   212729564   教育系资料室/ [索取号:G40-054/1214] 在馆    
3 1272957   212729573   教育系资料室/ [索取号:G40-054/1214] 在馆    
4 1272958   212729582   第四借阅区/ [索取号:G40-054/1214] 在馆    
唐山师范学院图书馆 欢迎您!
大连网信软件有限公司© 版权所有